000 00629nam a2200217 a 4500
001 12799
003 BD-JhCC
005 20230513115248.0
008 230513s2021 bg |||| |||| 000 0 ben d
020 _a9789849505532
035 _a(BD-JhCC)12799
040 _aBD-JhCC
_dBD-JhCC
041 _aeng
082 _a891.443
_bAKH 2021
100 _aআখন্দ, মৌলী
245 _aনির্মোক /
_cমৌলী আখন্দ
260 _aঢাকা :
_bবিবলিওফাইল,
_c২০২১
300 _a১৬০ পৃ. :
_c২১ সেমি.
650 _aBengali Novel
942 _2ddc
_cBK
999 _c12799
_d12799